Paměti : kdo sloužíš vlasti, odměny nečekej /
Československý ekonom, ministr financí a rektor Karlovy univerzity ve svých pamětěch zachycuje svůj osobní a veřejný život od sklonku devatenáctého do šedesátých let minulého století.
Uloženo v:
| Série: | Pocta osobnostem, Dílo Karla Engliše,
část 4 |
|---|---|
| Hlavní autor: | |
| Další autoři: | , , , , , |
| Médium: | E-kniha |
| Jazyk: | Czech |
| Vydáno: |
Brno : Praha :
Masarykova univerzita ; Masarykův ústav a Archiv AV ČR, v.v.i.,
2022
|
| Vydání: | 1. vydání |
| Edice: | Engliš, Karel, 1880-1961. Dílo
Pocta osobnostem |
| Témata: | |
| On-line přístup: | Plný text - pro registrované uživatele NK ČR |
| Příbuzné jednotky: | Z cyklu::
Pocta osobnostem, Dílo Karla Engliše |
| Tagy: |
Žádné tagy |
| LEADER | 03437nam a2200721 i 4500 | ||
|---|---|---|---|
| 001 | 311878 | ||
| 003 | CZ PrSKC | ||
| 005 | 20260601215713.0 | ||
| 007 | ta | ||
| 008 | 221216s2022 xr ach e 000 0acze | ||
| 015 | |a cnb003478236 | ||
| 020 | |a 9788028001131 |q (Masarykova univerzita. Brno ; |q vázáno) | ||
| 020 | |a 978-80-88304-92-0 |q (Masarykův ústav a Archiv AV ČR, Praha ; |q vázáno) | ||
| 035 | |a (OCoLC)1372328735 | ||
| 040 | |a BOA001 |b cze |e rda | ||
| 043 | |a e-xr--- | ||
| 045 | |a w8x6 | ||
| 072 | 7 | |a 33 |x Ekonomie |2 Konspekt | |
| 072 | 7 | |a 929 |x Biografie |2 Konspekt | |
| 080 | |a 33-051 |2 MRF | ||
| 080 | |a 32-051 |2 MRF | ||
| 080 | |a 378.011.3-051 |2 MRF | ||
| 080 | |a 929 |2 MRF | ||
| 080 | |a (437.3) |2 MRF | ||
| 080 | |a (092) |2 MRF | ||
| 100 | 1 | |a Engliš, Karel, |d 1880-1961 |7 jk01030495 |4 aut | |
| 245 | 1 | 0 | |a Paměti : |b kdo sloužíš vlasti, odměny nečekej / |c Karel Engliš ; sestavili Martin Hlaváč, Pavel Lhota, František Plhoň, Vít Pokorný, Alena Mizerová, Jakub Kunert |
| 250 | |a 1. vydání | ||
| 264 | 1 | |a Brno : |b Masarykova univerzita ; |a Praha : |b Masarykův ústav a Archiv AV ČR, v.v.i., |c 2022 | |
| 300 | |a 598 stran : |b ilustrace, portréty, faksimile ; |c 25 cm | ||
| 336 | |a text |b txt |2 rdacontent | ||
| 337 | |a bez média |b n |2 rdamedia | ||
| 338 | |a svazek |b nc |2 rdacarrier | ||
| 490 | 1 | |a Pocta osobnostem | |
| 490 | 1 | |a Dílo Karla Engliše ; |v 4 | |
| 504 | |a Obsahuje bibliografické odkazy | ||
| 520 | 2 | |a Československý ekonom, ministr financí a rektor Karlovy univerzity ve svých pamětěch zachycuje svůj osobní a veřejný život od sklonku devatenáctého do šedesátých let minulého století. | |
| 600 | 1 | 7 | |a Engliš, Karel, |d 1880-1961 |7 jk01030495 |2 czenas |
| 648 | 4 | |a 1880-1961 | |
| 648 | 7 | |a 20. století |7 ch460558 |2 czenas | |
| 650 | 0 | 7 | |a ekonomové |7 ph119838 |z Česko |y 20. století |2 czenas |
| 650 | 0 | 7 | |a politici |7 ph115781 |z Česko |y 20. století |2 czenas |
| 650 | 0 | 7 | |a vysokoškolští učitelé |7 ph127282 |z Česko |y 20. století |2 czenas |
| 650 | 0 | 9 | |a economists |z Czechia |y 20th century |2 eczenas |
| 650 | 0 | 9 | |a politicians |z Czechia |y 20th century |2 eczenas |
| 650 | 0 | 9 | |a college teachers |z Czechia |y 20th century |2 eczenas |
| 655 | 7 | |a autobiografie |7 fd131855 |2 czenas | |
| 655 | 9 | |a autobiography |2 eczenas | |
| 700 | 1 | |a Hlaváč, Martin, |d 1980- |7 xx0262412 |4 com | |
| 700 | 1 | |a Lhota, Pavel, |d 1950- |7 xx0262413 |4 com | |
| 700 | 1 | |a Plhoň, František, |d 1941- |7 xx0171558 |4 com | |
| 700 | 1 | |a Pokorný, Vít, |d 1990- |7 xx0109903 |4 com | |
| 700 | 1 | |a Mizerová, Alena, |d 1957- |7 jn20010524007 |4 com | |
| 700 | 1 | |a Kunert, Jakub, |d 1977- |7 mzk2009495829 |4 com | |
| 800 | 1 | |a Engliš, Karel, |d 1880-1961. |t Dílo | |
| 830 | 0 | |a Pocta osobnostem | |
| 856 | 4 | 1 | |u https://www.bookport.cz/AccountSaml/SignIn/?idp=https%3A%2F%2Fshibboleth.nkp.cz%2Fidp%2Fshibboleth&returnUrl=/kniha/pameti-11683/ |y Plný text - pro registrované uživatele NK ČR |4 N |
| 900 | |a ABA001 |b 19 | ||
| 044 | |a xr | ||
| 787 | 0 | 8 | |g 4 |i Z cyklu: |t Pocta osobnostem, Dílo Karla Engliše |
| 910 | |a RBIT002 | ||
| 998 | |d 371562 |a https://core.palmknihy.cz/api/books/371562/cover?rrwzwr |b https://core.palmknihy.cz/api/books/371562/cover/400?rrwzwr |c https://core.palmknihy.cz/api/books/371562/cover/50?rrwzwr |e 2030-06-07 |g 598 |i 9788028001131 |k https://core.palmknihy.cz/api/books/371562/preview.pdf |l |q 49 |r 1 |s https://www.palmknihy.cz/kniha/371562 |t ebook |y 2022 |z 0 |v Pocta osobnostem, Dílo Karla Engliše |w 4 | ||
| 999 | |d 311876 | ||